000 00483nam a2200181Ia 4500
005 20250326142454.0
008 250326s9999 xx 000 0 und d
037 _aTextbook
040 _aFMSL
_beng
_cFMSL
041 _aeng
_2eng
084 _qFMSL
100 _aTurpin D
_9746100
245 0 _aCase book on general management in Asia Pacific
_cTurpin D; Shen X
260 _aLondon
_bLondon, Hampshire
_c1999
300 _a622p
942 _cTB
999 _c1295188
_d1295188